| 000 | 01238cam a2200361 a 4500 | ||
|---|---|---|---|
| 003 | OSt | ||
| 005 | 20140310184312.0 | ||
| 008 | 990714s2000 nyuab b 000 1 eng | ||
| 010 | _a 99040724 | ||
| 020 | _a0805062033 (hc : alk. paper) | ||
| 035 | _a(DLC) 99040724 | ||
| 040 |
_aDLC _cDLC _dDLC |
||
| 042 | _alcac | ||
| 050 | 0 | 0 |
_aPZ 7 _b.W15938 2005 |
| 100 | 1 |
_aWallner, Alexandra. _923323 |
|
| 245 | 1 | 0 |
_aSergio and the hurricane / _cAlexandra Wallner. |
| 250 | _a1st ed. | ||
| 260 |
_aNew York : _bScholastic inc., _c2005. |
||
| 300 |
_bcol. ill. ; _c27 cm. _a32 p. : |
||
| 521 | _aG5 | ||
| 526 | _c700 | ||
| 650 | 1 |
_aHurricanes _vFiction. _923345 |
|
| 651 | 1 |
_aPuerto Rico _vFiction. _923346 |
|
| 856 | 4 | 2 |
_3Contributor biographical information _uhttp://www.loc.gov/catdir/bios/hol056/99040724.html |
| 856 | 4 | 2 |
_3Publisher description _uhttp://www.loc.gov/catdir/description/hol056/99040724.html |
| 906 |
_a7 _bcbc _corignew _d1 _eocip _f19 _gy-gencatlg |
||
| 942 |
_2lcc _cBK-SCHOLAS |
||
| 999 |
_c33541 _d33541 |
||